Aporías ante la llamada identidad cultural hispana (Record no. 69184)

MARC details
000 -LEADER
campo de control de longitud fija 01138nam a2200265 i 4500
001 - NÚMERO DE CONTROL
campo de control 69184
003 - IDENTIFICADOR DE NÚMERO DE CONTROL
campo de control ES-MaACL
005 - FECHA Y HORA DE LA ÚLTIMA TRANSACCIÓN
campo de control 20230906170445.0
007 - CAMPO FIJO DE DESCRIPCIÓN FÍSICA--INFORMACIÓN GENERAL
campo de control de longitud fija t|
008 - DATOS DE LONGITUD FIJA--INFORMACIÓN GENERAL
campo de control de longitud fija 040916s1999 sp ||||1| spa d
080 ## - NÚMERO DE LA CLASIFICACIÓN DECIMAL UNIVERSAL
Número de la Clasificación Decimal Universal 316.72(460)(091)
080 ## - NÚMERO DE LA CLASIFICACIÓN DECIMAL UNIVERSAL
Número de la Clasificación Decimal Universal 316.72(460.12)
100 0# - ENTRADA PRINCIPAL--NOMBRE DE PERSONA
Nombre de persona Gómez-Tabanera, José Manuel,
Fechas asociadas al nombre 1926-2011
9 (RLIN) 58165
245 10 - MENCIÓN DEL TÍTULO
Título Aporías ante la llamada identidad cultural hispana
Resto del título : el caso de la identidad cultural hispana /
Mención de responsabilidad, etc. José Manuel Gómez Tabanera.
260 ## - PUBLICACIÓN, DISTRIBUCIÓN, ETC.
Lugar de publicación, distribución, etc. Madrid :
Nombre del editor, distribuidor, etc. J.M. Gómez-Tabanera,
Fecha de publicación, distribución, etc. [1999]
300 ## - DESCRIPCIÓN FÍSICA
Extensión 46 p. :
Otras características físicas mapas ;
Dimensiones 21 cm.
500 ## - NOTA GENERAL
Nota general Comunicación presentada en el IV Congreso de Antropología aplicada, Pamplona, 14-16 octubre de 1998.
500 ## - NOTA GENERAL
Nota general En la port.: Gobierno de Navarra, Dirección General de Cultura, Instituto Príncipe de Viana.
504 ## - NOTA DE BIBLIOGRAFÍA, ETC.
Nota de bibliografía, etc. Bibliografía: p.[34]-38.
650 14 - PUNTO DE ACCESO ADICIONAL DE MATERIA--TÉRMINO DE MATERIA
Término de materia o nombre geográfico como elemento de entrada Identidad cultural-
Subdivisión geográfica España-
Subdivisión general Historia.
9 (RLIN) 13538
650 #4 - PUNTO DE ACCESO ADICIONAL DE MATERIA--TÉRMINO DE MATERIA
Término de materia o nombre geográfico como elemento de entrada Identidad cultural-
Subdivisión geográfica Asturias (Comunidad Autónoma)
9 (RLIN) 13532
711 2# - ENTRADA AGREGADA--NOMBRE DE REUNIÓN
Nombre de congreso/reunión o jurisdicción como elemento de entrada Congreso de Antropología Aplicada (
Número del congreso/reunión o número de parte o sección 4º.
Fecha del congreso o de la firma del tratado 1998.
Sede del congreso/Lugar de la reunión Pamplona)
9 (RLIN) 293
852 ## - LOCALIZACIÓN
Ubicación ES-MaACL
Número de control de estantería 2179-F-24
Sublocalización o colección R.134123
Holdings
Estatus retirado Estado de pérdida Estado de daño No para préstamo Colección Biblioteca de origen Biblioteca actual Ubicación en estantería Fecha de adquisición Fuente de adquisición Total de préstamos Signatura topográfica completa Código de barras Visto por última vez Precio de reemplazo Tipo de ítem Koha
        Colección de folletos Biblioteca del Ateneo de Madrid Biblioteca del Ateneo de Madrid Depósito folletos 17/01/2008     2179-F-24 1072444 23/02/2023 23/02/2023 Folleto